000 00497nam a2200217Ia 4500
003 OSt
005 20221005133228.0
006 a|||||r|||| 00| 0
007 ta
008 221004b |||||||| |||| 00| 0 kan d
024 _a60947
037 _cTextual
040 _aCRL
_cCRL
_bkan
041 _2kan
_akan
082 _aO33,3x, L4
245 0 _aVykuntaraju
260 _c1974
650 _aKANNAD FICTION
942 _hO33,3x, L4
_cTEXL
_2cc
999 _c1066196
_d1066196